Postupovať bez deštrukcie zdrojov Anketa HN a Kongresu slovenskej vedy. 10

Veda ako kľúčový zdroj moderného hospodárstva. Koordinácia, integrácia v oblasti ekonomického života. Možnosti ekonomického školstva pri formovaní ekonómov. Makroekonomika, mikroekonomika, operačná analýza a ekonometria ako všeobecný štandard univerzitného štúdia. Stabilizačné ekonomické opatrenia....

Ausführliche Beschreibung

Gespeichert in:
Bibliographische Detailangaben
1. Verfasser: Laščiak, Adam
Format: Buchkapitel
Sprache:Slowakisch
Schlagworte:
Tags: Tag hinzufügen
Keine Tags, Fügen Sie das erste Tag hinzu!

MARC

LEADER 00000naa a2200000 4500
001 r015769
005 20221205090409.1
041 0 |a slo 
044 |a SK 
245 1 0 |a Postupovať bez deštrukcie zdrojov  |b Anketa HN a Kongresu slovenskej vedy. 10  |c Adam Laščiak 
520 |a Veda ako kľúčový zdroj moderného hospodárstva. Koordinácia, integrácia v oblasti ekonomického života. Možnosti ekonomického školstva pri formovaní ekonómov. Makroekonomika, mikroekonomika, operačná analýza a ekonometria ako všeobecný štandard univerzitného štúdia. Stabilizačné ekonomické opatrenia. Zameranie investičnej, monetárnej a fiškálnej, poľnohospodárskej a exportnej politiky. 
610 2 0 |a veda 
610 2 0 |a veda ekonomická 
610 2 0 |a politika vedecká 
610 2 0 |a Slovensko 
610 2 0 |a školy vysoké 
610 2 0 |a stabilizácia hospodárstva 
610 2 0 |a politika hospodárska 
100 1 |a Laščiak, Adam